Библиография Победы

“Убежден: опыт солидарности, партнерства в годы борьбы с общей угрозой — это наше бесценное наследие, прочная опора именно сейчас, когда набирает силу необратимое движение к более справедливому многополярному миру, основанному на принципах доверия и неделимой безопасности, равных возможностей для самобытного и свободного развития всех стран и народов.”

В.В. Путин

Концерт. Натан Перельман (ф-но). Шуберт, воскресенье, 8 апреля 1945 г. (Запись № 10239)

Подробности
000 -МАРКЕР
контрольное поле 03669nam0a2200565 4500
001 - ИДЕНТИФИКАТОР ЗАПИСИ
контрольное поле RU\NLR\BIBL_A\011963556
005 - ИДЕНТИФИКАТОР ВЕРСИИ
контрольное поле 20251226103248.0
020 ## - НОМЕР ДОКУМЕНТА В НАЦИОНАЛЬНОЙ БИБЛИОГРАФИИ
Код страны российская федерация
Основное заглавие издания Российской книжной палаты Ленинград в Великой Отечественной войне. Коллекция. Афиши
035 ## - ДРУГИЕ СИСТЕМНЫЕ НОМЕРА
Идентификатор записи (NLR Aleph) 011963556
100 ## - ДАННЫЕ ОБЩЕЙ ОБРАБОТКИ
Данные общей обработки 20190319d1945 u y0rusy50 ca
101 0# - ЯЗЫК РЕСУРСА
Язык текста, звукозаписи и т.д. русский
102 ## - СТРАНА ПУБЛИКАЦИИ ИЛИ ПРОИЗВОДСТВА
Страна публикации российская федерация
105 ## - ПОЛЕ КОДИРОВАННЫХ ДАННЫХ: ТЕКСТОВЫЕ МАТЕРИАЛЫ, МОНОГРАФИЧЕСКИЕ
Кодированные данные о монографическом текстовом документе y z 000zy
135 ## - ПОЛЕ КОДИРОВАННЫХ ДАННЫХ: ЭЛЕКТРОННЫЕ РЕСУРСЫ
Кодированные данные для электронного ресурса crcn 024anaba
200 1# - ЗАГЛАВИЕ И СВЕДЕНИЯ ОБ ОТВЕТСТВЕННОСТИ
Основное заглавие Концерт. Натан Перельман (ф-но). Шуберт, воскресенье, 8 апреля 1945 г.
Сведения, относящиеся к заглавию [афиша]
-- при участии артистов филармонии: Летичевского Т. (скрипка), Калманович Г. Р. (альт), Немеринецкого Г. Р. (виолончель), Курбатов М. (контрабас)
Первые сведения об ответственности Камерный зал Ленинградской Государственной Филармонии
210 ## - ПУБЛИКАЦИЯ, РАСПРОСТРАНЕНИЕ И ДР.
Место издания, распространения и т.д. [Ленинград]
Имя издателя, распространителя и т. д. ТЛ-4
Дата издания, распространения и т.д. 1945
215 ## - ФИЗИЧЕСКАЯ ХАРАКТЕРИСТИКА
Специфическое обозначение материала и объем 1 л.
Размеры 49х70
300 ## - ОБЩИЕ ПРИМЕЧАНИЯ
Текст примечания Начало в 8 час. 30 мин. Билеты продаются в кассах Филармонии, Камерного зала, ЦТК
300 ## - ОБЩИЕ ПРИМЕЧАНИЯ
Текст примечания Зак. № 322
325 ## - ПРИМЕЧАНИЕ О КОПИИ
Текст примечания Копия доступна в Электрон. б-ке РНБ
327 ## - ПРИМЕЧАНИЯ О СОДЕРЖАНИИ
Текст примечания Программа: Два экспромта ор. 142, Соната-Ре-мажор, Четыре музыкальных момента ор. 94, Квинтет-"Форель"
606 1# - НАИМЕНОВАНИЕ ТЕМЫ КАК ПРЕДМЕТ
Наименование темы Театральная жизнь
Географический подзаголовок Ленинград, город
Хронологический подзаголовок 1941 - 1944
Формальный подзаголовок Афиши
Код системы nlr_sh2
Идентификатор авторитетной/нормативной записи RU\NLR\AUTH\6601649837
686 ## - ИНДЕКСЫ ДРУГИХ КЛАССИФИКАЦИЙ
Индекс Щ333(2Р=Рус)7- 692Ленинград
702 #1 - ИМЯ ЛИЦА - ВТОРИЧНАЯ ОТВЕТСТВЕННОСТЬ
Начальный элемент ввода Перельман
Часть имени, кроме начального элемента ввода Н. Е.
Дополнения к именам, кроме дат пианист
Даты 1906-2002
Расширение инициалов личного имени Натан Ефимович
Идентификатор авторитетной/нормативной записи RU\NLR\AUTH\770202051
Код отношения Актер
702 #1 - ИМЯ ЛИЦА - ВТОРИЧНАЯ ОТВЕТСТВЕННОСТЬ
Начальный элемент ввода Шуберт
Часть имени, кроме начального элемента ввода Ф.
Даты 1797-1828
Расширение инициалов личного имени Франц
Идентификатор авторитетной/нормативной записи RU\NLR\AUTH\77108614
Код отношения Прочие
702 #1 - ИМЯ ЛИЦА - ВТОРИЧНАЯ ОТВЕТСТВЕННОСТЬ
Начальный элемент ввода Летичевский
Часть имени, кроме начального элемента ввода Т.
Дополнения к именам, кроме дат артист филармонии, скрипач
Идентификатор авторитетной/нормативной записи RU\NLR\AUTH\770203583
702 #1 - ИМЯ ЛИЦА - ВТОРИЧНАЯ ОТВЕТСТВЕННОСТЬ
Начальный элемент ввода Калманович
Часть имени, кроме начального элемента ввода Г. Р.
Дополнения к именам, кроме дат артист филармонии, альт
Идентификатор авторитетной/нормативной записи RU\NLR\AUTH\770203589
702 #1 - ИМЯ ЛИЦА - ВТОРИЧНАЯ ОТВЕТСТВЕННОСТЬ
Начальный элемент ввода Немеренецкий
Часть имени, кроме начального элемента ввода Г. М.
Дополнения к именам, кроме дат артист филармонии, виолончель
Расширение инициалов личного имени Григорий М.
Идентификатор авторитетной/нормативной записи RU\NLR\AUTH\770203603
702 #1 - ИМЯ ЛИЦА - ВТОРИЧНАЯ ОТВЕТСТВЕННОСТЬ
Начальный элемент ввода Курбатов
Часть имени, кроме начального элемента ввода М. М.
Дополнения к именам, кроме дат артист филармонии, контрабас
Даты 1905-1990
Расширение инициалов личного имени Михаил Михайлович
Идентификатор авторитетной/нормативной записи RU\NLR\AUTH\770203615
711 02 - НАИМЕНОВАНИЕ ОРГАНИЗАЦИИ - АЛЬТЕРНАТИВНАЯ ОТВЕТСТВЕННОСТЬ
Начальный элемент ввода Ленинградская филармония
Идентификатор авторитетной/нормативной записи RU\NLR\AUTH\889946347
712 02 - НАИМЕНОВАНИЕ ОРГАНИЗАЦИИ - ВТОРИЧНАЯ ОТВЕТСТВЕННОСТЬ
Начальный элемент ввода Ленинградская филармония
Структурное подразделение Камерный зал
Идентификатор авторитетной/нормативной записи RU\NLR\AUTH\880497262
Код отношения Прочие
852 ## - МЕСТОНАХОЖДЕНИЕ И ШИФР ХРАНЕНИЯ
Идентификатор организации NLR
Шифр хранения (Call Number) Л3-330а/4/3/1945-апр.(7)
856 #0 - МЕСТОНАХОЖДЕНИЕ ЭЛЕКТРОННЫХ РЕСУРОВ И ДОСТУП К НИМ
Универсальный идентификатор ресурса (Uniform Resource Identifier) http://vivaldi.nlr.ru/la700000519/view
856 #1 - МЕСТОНАХОЖДЕНИЕ ЭЛЕКТРОННЫХ РЕСУРОВ И ДОСТУП К НИМ
Универсальный идентификатор ресурса (Uniform Resource Identifier) http://vivaldi.nlr.ru/la700000519/cover
856 #2 - МЕСТОНАХОЖДЕНИЕ ЭЛЕКТРОННЫХ РЕСУРОВ И ДОСТУП К НИМ
Универсальный идентификатор ресурса (Uniform Resource Identifier) http://vivaldi.nlr.ru/la700000519/text
942 ## - ДОПОЛНИТЕЛЬНЫЕ ЭЛЕМЕНТЫ ЗАПИСИ (АБИС)
Тип экземпляра АБИС Визуальный материал
945 ## - Информацию об издании предоставили:
Полное название организации, предоставившей материал Российская национальная библиотека
980 3# - КОЛЛЕКЦИЯ
Название коллекции КП2019 Ленинград в Великой Отечественной войне
980 3# - КОЛЛЕКЦИЯ
Название коллекции Книжные памятники РНБ
980 ## - КОЛЛЕКЦИЯ
Название коллекции Национальная библиография
980 ## - КОЛЛЕКЦИЯ
Название коллекции Библиография Победы
981 37 - КОЛЛЕКЦИЯ ЭЛЕКТРОННОЙ БИБЛИОТЕКИ
Название коллекции Ленинград в Великой Отечественной войне
Название подколлекции Афиши блокадного Ленинграда

Нет доступных экземпляров.